Skoki Narciarskie - Najlepsi Słoweńcy w PŚ w XXI wieku - Statystyki

Ogólne statystyki
  • Ten quiz został rozwiązany 141 razy
  • Średni wynik to 19 z 25
Statystyki odpowiedzi
Sezon Skoczek % Poprawnych
2013/14 Peter Prevc
100%
2014/15 Peter Prevc
100%
2015/16 Peter Prevc
100%
2017/18 Peter Prevc
100%
2019/20 Peter Prevc
100%
2023/24 Peter Prevc
100%
2016/17 Domen Prevc
98%
2020/21 Anze Lanisek
92%
2021/22 Anze Lanisek
92%
2022/23 Anze Lanisek
92%
2024/25 Anze Lanisek
92%
2018/19 Timi Zajc
82%
2002/03 Primoz Peterka
78%
2005/06 Robert Kranjec
74%
2008/09 Robert Kranjec
74%
2009/10 Robert Kranjec
74%
2010/11 Robert Kranjec
74%
2011/12 Robert Kranjec
74%
2012/13 Robert Kranjec
74%
2004/05 Jernej Damjan
53%
2006/07 Jernej Damjan
53%
2007/08 Jernej Damjan
53%
2001/02 Peter Zonta
37%
2003/04 Peter Zonta
37%
2000/01 Jure Radelj
3%
Nie znaleziono quizów pasujących do podanych kryteriów
Rozkład punktacji
Procent ludzi z każdym wynikiem
Percentyl według liczby udzielonych odpowiedzi
Twoja historia wyników
Nie rozwiązałeś tego quizu